| 000 | 00476nam a2200181Ia 4500 | ||
|---|---|---|---|
| 005 | 20250508152848.0 | ||
| 008 | 008 250505s9999 xx 000 0 eng d | ||
| 037 | _aTextual | ||
| 040 |
_aFEDL _beng _cFEDL |
||
| 041 |
_aeng _2eng |
||
| 084 |
_aB, GAN _qFEDL |
||
| 100 | _aKripalani J B | ||
| 245 | 0 | _aGandhian thought | |
| 260 |
_aBombay, India _bOrient Longman Pvt. Ltd. _c1961 |
||
| 300 | _axiv,281p | ||
| 942 |
_cTEXL _hB, GAN |
||
| 999 |
_c1339260 _d1339260 |
||